000 00675nam a2200181Ia 4500
999 _c2729
_d2729
003 DO-SdBJH
005 20180416231218.0
008 180414s9999 dr 000 0 spa d
040 _aDO-SdBJH
_bspa
_cDO-SdBJH
090 _aDM FM 71-100 1996
110 _aInstituto de Cooperación para la Seguridad Hemisférica
245 1 0 _aFM 71-100 Operaciones a nivel de división / Instituto de Cooperación para la Seguridad Hemisférica
260 _aFuerte Benning, Georgia : Cuartel General Secretaría del Ejército, 1996
300 _a274 páginas en varias paginaciones
504 _aIncluye Apéndices
650 4 _aOperaciones militares -- Divisiones
942 _2ddc
_cBK